Statistics for UK Number 1 Artists of the 1970's

Click here to take the quiz!

General Stats

  • This quiz has been taken 1,037 times
  • The average score is 99 of 168

Answer Stats

HintAnswer% Correct
1976FernandoABBA
97%
1977Knowing Me, Knowing YouABBA
97%
1976Dancing QueenABBA
97%
1978Take a Chance on MeABBA
97%
1974WaterlooABBA
97%
1976Mamma MiaABBA
97%
1977The Name of the GameABBA
97%
1970Bridge over Troubled WaterSimon & Garfunkel
96%
1978Do Ya Think I'm Sexy?Rod Stewart
95%
1971Maggie MayRod Stewart
95%
1977I Don't Want to Talk About ItRod Stewart
95%
1972You Wear it WellRod Stewart
95%
1975SailingRod Stewart
95%
1976Don't Go Breaking My HeartElton John & Kiki Dee
88%
1975Bohemian RhapsodyQueen
88%
1975Space OddityDavid Bowie
87%
1979TragedyBee Gees
85%
1978Night FeverBee Gees
85%
1973Cum On Feel the NoizeSlade
84%
1972Mama Weer All Crazee NowSlade
84%
1971Coz I Luv YouSlade
84%
1972Take Me Bak 'OmeSlade
84%
1973Skweeze Me Pleeze MeSlade
84%
1973Merry Xmas EverybodySlade
84%
1971My Sweet LordGeorge Harrison
83%
1973The Twelfth of NeverDonny Osmond
80%
1972Puppy LoveDonny Osmond
80%
1973Young LoveDonny Osmond
80%
1971Get It OnT. Rex
79%
1972Telegram SamT. Rex
79%
1972Metal GuruT. Rex
79%
1971Hot LoveT. Rex
79%
1979Y.M.C.A.Village People
79%
1973Rubber Bullets10cc
78%
1978Dreadlock Holiday10cc
78%
1975I'm Not in Love10cc
78%
1979Sunday GirlBlondie
78%
1979Heart of GlassBlondie
78%
1972Long Haired Lover from LiverpoolLittle Jimmy Osmond
78%
1979Another Brick in the Wall (Part II)Pink Floyd
78%
1979Walking on the MoonThe Police
78%
1979Message in a BottleThe Police
78%
1978You're the One That I WantJohn Travolta and Olivia Newton-John
77%
1978Summer NightsJohn Travolta and Olivia Newton-John
77%
1977Mull of KintyreWings
77%
1975Oh BoyMud
76%
1974Tiger FeetMud
76%
1974Lonely This ChristmasMud
76%
1979I Will SurviveGloria Gaynor
75%
1970In the SummertimeMungo Jerry
73%
1971Baby JumpMungo Jerry
73%
1970Voodoo ChildJimi Hendrix Experience
72%
1978Wuthering HeightsKate Bush
72%
1972School's OutAlice Cooper
70%
1970The Wonder of YouElvis Presley
70%
1977Way DownElvis Presley
70%
1979I Don't Like MondaysThe Boomtown Rats
70%
1978Rat TrapThe Boomtown Rats
70%
1978Mary's Boy Child - Oh My LordBoney M
68%
1978Rivers of BabylonBoney M
68%
1975Give a Little LoveBay City Rollers
66%
1975Bye Bye BabyBay City Rollers
66%
1971Ernie (The Fastest Milkman in the West)Benny Hill
66%
1970The Tears of a ClownSmokey Robinson and The Miracles
66%
1975Stand By Your ManTammy Wynette
66%
1974Always YoursGary Glitter
65%
1973I Love You Love Me LoveGary Glitter
65%
1973I'm the Leader of the Gang (I Am!)Gary Glitter
65%
1970Wand'rin StarLee Marvin
65%
1974Seasons in the SunTerry Jacks
64%
1972My Ding-a-LingChuck Berry
62%
1974Annie's SongJohn Denver
62%
1974Gonna Make You a StarDavid Essex
61%
1975Hold Me CloseDavid Essex
61%
1979Video Killed the Radio StarThe Buggles
61%
1975I Only Have Eyes For YouArt Garfunkel
60%
1979Bright EyesArt Garfunkel
60%
1974You're the First, the Last, My EverythingBarry White
60%
1973BlockbusterSweet
60%
1977AngeloBrotherhood of Man
59%
1976Save Your Kisses for MeBrotherhood of Man
59%
1978FigaroBrotherhood of Man
59%
1973Tie a Yellow Ribbon Round the Ole Oak TreeDawn featuring Tony Orlando
59%
1977I Feel LoveDonna Summer
59%
1974Devil Gate DriveSuzi Quatro
59%
1973Can the CanSuzi Quatro
59%
1971Knock Three TimesTony Orlando and Dawn
59%
1978Three Times a LadyCommodores
57%
1977Silver LadyDavid Soul
57%
1977Don't Give Us on UpDavid Soul
57%
1972VincentDon McLean
57%
1979Hit Me with Your Rhythm StickIan Dury and The Blockheads
57%
1971GrandadClive Dunn
56%
1979CarsGary Numan
56%
1970Spirit in the SkyNorman Greenbaum
56%
1976If You Leave Me NowChicago
55%
1979We Don't Talk AnymoreCliff Richard
55%
1974You Won't Find Another Fool Like MeNew Seekers featuring Lyn Paul
55%
1975Down DownStatus Quo
55%
1975Make Me Smile (Come Up and See Me)Steve Harley & Cockney Rebel
55%
1976December, 1963 (Oh, What a Night)The Four Seasons
55%
1972I'd Like to Teach the World to SingThe New Seekers
55%
1974Kung Fu FightingCarl Douglas
54%
1970All Kinds of EverythingDana
54%
1972ClairGilbert O'Sullivan
54%
1973Get DownGilbert O'Sullivan
54%
1971I'm Still WaitingDiana Ross
53%
1976The Combine Harvester (Brand New Key)The Wurzels
52%
1973Angel Fingers (A Teen Ballad)Wizzard
52%
1973See My Baby JiveWizzard
52%
1970Band of GoldFreda Payne
50%
1976Under the Moon of LoveShowaddywaddy
49%
1974Love Me For a ReasonThe Osmonds
49%
1977When I Need YouLeo Sayer
48%
1970Back HomeEngland 1970 World Cup Squad
47%
1977So You Win AgainHot Chocolate
47%
1976When a Child is BornJohnny Mathis
46%
1979Ring My BellAnita Ward
45%
1977LucilleKenny Rogers
45%
1975JanuaryPilot
45%
1974When Will I See You AgainThe Three Degrees
45%
1972How Can I Be SureDavid Cassidy
44%
1973Daydreamer / The Puppy SongDavid Cassidy
44%
1970I Hear You KnockingDave Edmunds
43%
1970Love Grows (Where My Rosemary Goes)Edison Lighthouse
43%
1971Chirpy Chirpy Cheep CheepMiddle of the Road
43%
1972Without YouNilsson
43%
1974Sugar Baby LoveThe Rubettes
43%
1976I Love to Love (But My Baby Loves to Dance)Tina Charles
43%
1979When You're in Love with a Beautiful WomanDr Hook
42%
1975Whispering GrassWindsor Davies and Don Estelle
41%
1977Yes Sir, I Can BoogieBaccara
40%
1972Son of My FatherChicory Tip
39%
1974Billy - Don't Be a HeroPaper Lace
39%
1975IfTelly Savalas
38%
1975D.I.V.O.R.C.E.Billy Connolly
37%
1970Yellow RiverChristie
37%
1972Mouldy Old DoughLieutenant Pigeon
37%
1974The StreakRay Stevens
37%
1974SheCharles Aznavour
36%
1977Don't Cry For Me ArgentinaJulie Covington
36%
1973Welcome HomePeters and Lee
35%
1977Chanson D'AmourThe Manhattan Transfer
35%
1979Are 'Friends' ElectricTubeway Army
35%
1977Float OnThe Floaters
34%
1976You to Me Are EverythingReal Thing
33%
1974Jealous MindAlvin Stardust
32%
1977Show You the Way to GoThe Jacksons
32%
1976MississippiPussycat
31%
1970WoodstockMatthews' Southern Comfort
30%
1973Eye LevelSimon Park Orchestra
30%
1975Can't Give You Anything (But My Love)The Stylistics
30%
1976Forever and EverDemis Roussos
29%
1978Matchstalk Men & Matchstalk Cats & DogsBrian and Michael
28%
1974Rock Your BabyGeorge McCrae
27%
1975Tears on My PillowJohnny Nash
27%
1971Double BarrelDave and Ansel Collins
26%
1971Hey Girl Don't Bother MeThe Tams
26%
1977FreeDeniece Williams
25%
1979One Day at a TimeLena Martell
25%
1974Everything I OwnKen Boothe
24%
1976Forever and EverSlik
24%
1974Sad Sweet DreamerSweet Sensation
23%
1975Ms GraceThe Tymes
21%
1972Amazing GraceRoyal Scots Dragoon Guards
19%
1975BarbadosTotally Tropical
14%
1976No ChargeJ. J. Barrie
13%
1978Uptown Top RankingAlthia & Donna
11%

Score Distribution

Percentile by Number Answered

Percent of People with Each Score

Your Score History

You have not taken this quiz